|
|
|
|
| LEADER |
01465nam a2200289 a 4500 |
| 001 |
2103484 |
| 008 |
091220s1995 ii b 100 0 eng d |
| 010 |
|
|
|a 95910029
|
| 020 |
|
|
|a 8120409981
|
| 040 |
|
|
|a DLC
|c DLC
|c BD-DhAAL
|
| 082 |
0 |
0 |
|a 307.1/4/091724
|2 21
|
| 245 |
0 |
0 |
|a Grassroot horizons :
|b connecting participatory development initiatives, East and West /
|c editors, Richard Morse, Anisur Rahman, Kersten L. Johnson.
|
| 260 |
|
|
|a New Delhi :
|b Oxford & IBH Pub. Co.,
|c c1995.
|
| 300 |
|
|
|a xv, 377 p. ;
|c 24 cm.
|
| 520 |
|
|
|a Papers presented at various workshops by activists and researchers on a combined group action for overcoming poverty and oppression in developing and underdeveloped countries.
|
| 504 |
|
|
|a Includes bibliographical references.
|
| 541 |
1 |
|
|e 00010851
|
| 650 |
|
0 |
|a Community development
|x Developing countries
|v Congresses.
|
| 651 |
|
0 |
|a Developing countries
|x Economic policy
|x Citizen participation
|v Congresses.
|
| 651 |
|
0 |
|a Developing countries
|x Social conditions
|v Congresses.
|
| 651 |
|
0 |
|a Developing countries
|x Politics and government
|v Congresses.
|
| 700 |
1 |
|
|a Morse, Richard,
|d 1922-
|
| 700 |
1 |
|
|a Rahman, Anisur.
|
| 700 |
1 |
|
|a Johnson, Kersten L.
|
| 852 |
4 |
|
|a Ayesha Abed Library
|j General Shelf.
|
| 999 |
|
|
|c 6280
|d 6280
|
| 952 |
|
|
|0 0
|1 0
|2 ddc
|4 0
|6 307_140917240000000_GRA_1995
|7 0
|9 6318
|a BRACUL
|b BRACUL
|c GEN
|d 2009-12-21
|g 0.00
|l 0
|o 307.14091724 GRA
|p 3010010851
|r 2009-12-21
|t 1
|w 2009-12-21
|y BK
|x No price found in the accession register.
|